[Event "Baunatal op 8th"]
[Site "Baunatal"]
[Date "2002.08.10"]
[Round "3"]
[White "Kiparski, Ekkehart"]
[Black "Grosse, Stefan"]
[Result "1-0"]
[WhiteElo "1942"]
[BlackElo "1658"]
[PlyCount "47"]
[EventDate "2002.08.09"]
[EventType "swiss"]
[EventRounds "7"]
[EventCountry "GER"]
[SourceTitle "EXT 2003"]
[Source "ChessBase"]
[SourceDate "2002.11.25"]
[SourceVersion "1"]
[SourceVersionDate "2002.11.25"]
[SourceQuality "1"]

1. e4 c5 2. Nc3 a6 3. Nf3 b5 4. d4 cxd4 5. Nxd4 Bb7 6. Bd3 b4 7. Nce2 e5 8. Nf5 g6 9. Ne3 Nf6 10. Ng3 d5 11. exd5 Nxd5 12. Be4 Nxe3 13. Qxd8+ Kxd8 14. Bxe3 Bxe4 15. Nxe4 Be7 16. 0-0-0+ Kc7 17. Rd5 Nc6 18. Ng5 Bxg5 19. Bxg5 Rhe8 20. Rhd1 h6 21. Rd7+ Kc8 22. Be3 Nd8 23. Bb6 Nc6 24. Rc7+ 1-0

[Event "Baunatal op 8th"]
[Site "Baunatal"]
[Date "2002.08.10"]
[Round "4"]
[White "Lichtenberg, Hans Juergen"]
[Black "Kiparski, Ekkehart"]
[Result "1/2-1/2"]
[WhiteElo "2139"]
[BlackElo "1942"]
[PlyCount "34"]
[EventDate "2002.08.09"]
[EventType "swiss"]
[EventRounds "7"]
[EventCountry "GER"]
[SourceTitle "EXT 2003"]
[Source "ChessBase"]
[SourceDate "2002.11.25"]
[SourceVersion "1"]
[SourceVersionDate "2002.11.25"]
[SourceQuality "1"]

1. e4 d6 2. d4 Nf6 3. Nc3 e5 4. Bg5 Nbd7 5. Bc4 c6 6. Nf3 Be7 7. 0-0 0-0 8. Bxf6 Bxf6 9. dxe5 Nxe5 10. Nxe5 dxe5 11. Qe2 Qe7 12. Rad1 Be6 13. Bxe6 Qxe6 14. Rd3 Rad8 15. Rfd1 Rxd3 16. Rxd3 Rd8 17. Rxd8+ Bxd8 1/2-1/2

[Event "Suedwestfalen Verbandsklasse 0102"]
[Site "Suedwestfalen"]
[Date "2002.03.03"]
[Round "8"]
[White "Kiparski, Ekkehart"]
[Black "Kleinschmidt, Uwe"]
[Result "0-1"]
[WhiteElo "1939"]
[BlackElo "1890"]
[PlyCount "76"]
[EventDate "2001.09.09"]
[EventType "team-tourn"]
[EventRounds "9"]
[EventCountry "GER"]
[SourceTitle "EXT 2007"]
[Source "ChessBase"]
[SourceDate "2006.11.23"]
[SourceVersion "1"]
[SourceVersionDate "2006.11.23"]
[SourceQuality "1"]
[WhiteTeam "Bergneustadt/Derschlag II"]
[BlackTeam "Halver"]
[WhiteTeamCountry "GER"]
[BlackTeamCountry "GER"]

1. Nf3 Nf6 2. g3 g6 3. d4 d5 4. Bg2 Bg7 5. b3 0-0 6. Bb2 c6 7. c4 e6 8. Nc3 dxc4 9. bxc4 Nbd7 10. 0-0 Nb6 11. Qb3 Qc7 12. Rac1 Rd8 13. Rfd1 a5 14. a4 Nbd7 15. e4 e5 16. dxe5 Ng4 17. e6 fxe6 18. Ba3 Bf8 19. Bxf8 Rxf8 20. Rd2 Nc5 21. Qa3 b6 22. Rcd1 Ba6 23. Qa2 Rad8 24. Rxd8 Rxd8 25. Rxd8+ Qxd8 26. Qd2 Qd3 27. h3 Ne5 28. Qxd3 Nexd3 29. Nd4 Bxc4 30. Nxc6 Nb2 31. Ne7+ Kf8 32. Nc8 Nbxa4 33. Nxa4 Nxa4 34. e5 b5 35. Bc6 Nc3 36. f4 Bd5 37. Bd7 b4 38. Nd6 b3 0-1